載入...
| LEADER | 00567nam a22001697a 4500 | ||
|---|---|---|---|
| 008 | 160606b xxu||||| |||| 00| 0 mal d | ||
| 020 | |a 8888016961 |c INR | ||
| 082 | |a 853.27 | ||
| 100 | |a Varkey, Muttathu | ||
| 245 | |a Thanalilatha vazhi / |c Muttathu Varkey | ||
| 260 | |a Calicut : |b Lipi, |c 2014. | ||
| 300 | |a 304 p. ; | ||
| 650 | |v Novel |x Malayalam | ||
| 942 | |c BK | ||
| 546 | |a In malayalam | ||
| 999 | |c 285450 |d 285450 | ||
| 952 | |0 0 |1 0 |4 0 |6 853_270000000000000_THA |7 0 |9 323921 |a FLK |b FLK |c ST1 |d 2016-06-06 |e BK |g 230.00 |i 5170 |l 2 |o 853.27 THA |p FLK5170 |r 2019-04-29 |s 2019-01-24 |w 2016-06-06 |y BK | ||